000 00676nam a2200289Ia 4500
005 20260324141607.0
008 008 260324s9999 xx 000 0 eng d
020 _a9780429239427
037 _aEBOOK
040 _aCRL
040 _beng
040 _cCRL
041 _2eng
041 _aeng
084 _qCRL
100 _aRobin Buhrke
_91208771
245 2 _aA Matter of Justice
245 0 _bLesbians and Gay Men in Law Enforcement
260 _bTaylor and Francis
260 _c1996
365 _a
365 _b265
856 _uhttp://www.taylorfrancis.com/books/9780429239427
942 _cEBOOK
999 _c1812038
_d1812038